Las religiones afrocubanas y la educación medioambiental en el siglo xxi /

Trata sibre el lugar que ocupa en la sociedad cubana actual el legado africano que perdura a través de las religiones afrocubanas, en especial la llamada Regla de Palo Monte,y su repercusión en el educación ante el medio ambiente, en particular la naturaleza, ideas que irradian no solo hacia sus cre...

Description complète

Enregistré dans:
Détails bibliographiques
Auteur principal: Valdés Acosta, Gema
Format: Livre
Langue:Spanish
Publié: La Habana, Cuba: Instituto Cubano del Libro, 1974-
Sujets:
Tags: Ajouter un tag
Pas de tags, Soyez le premier à ajouter un tag!

MARC

LEADER 00000nam a22000007a 4500
008 140930s2009 cu ||||| |||| 00| b|spa d
022 |a 0047-1542 
040 |a CIICLA 
082 |a Isla: revista 
100 1 |a Valdés Acosta, Gema  
245 1 4 |a Las religiones afrocubanas y la educación medioambiental en el siglo xxi /  |c Gema Valdés Acosta 
260 |a La Habana, Cuba:  |b Instituto Cubano del Libro,   |c 1974- 
300 |a páginas 173-183 
520 |a Trata sibre el lugar que ocupa en la sociedad cubana actual el legado africano que perdura a través de las religiones afrocubanas, en especial la llamada Regla de Palo Monte,y su repercusión en el educación ante el medio ambiente, en particular la naturaleza, ideas que irradian no solo hacia sus creyentes sino en amplios grupos poblacionales 
650 1 4 |a POLITICA CULTURAL  |z CUBA 
773 0 |g Número 52 (165): 173-183 ; septiembre-diciembre, 2010  |q 173-183  |t Islas : revista de la Universidad Central de Las Villas, Santa Clara, Cuba. 
942 |2 ddc  |c ARC 
999 |c 3553  |d 3553